Pi Digits #23 1-2000 - Statistics

General Stats
  • This quiz has been taken 222 times
  • The average score is 82 of 200
Answer Stats
Digits % Correct
1415926535
83%
2643383279
78%
8979323846
78%
0628620899
70%
5028841971
70%
5820974944
70%
5923078164
70%
6939937510
70%
0938446095
65%
2712019091
65%
2847564823
65%
3282306647
65%
3421170679
65%
3786783165
65%
4428810975
65%
4564856692
65%
4811174502
65%
5058223172
65%
5359408128
65%
5493038196
65%
6446229489
65%
6659334461
65%
8214808651
65%
8410270193
65%
8521105559
65%
8628034825
65%
0005681271
61%
0113305305
61%
0249141273
61%
0539217176
61%
0631558817
61%
0744623799
61%
0921861173
61%
1050792279
61%
1065485863
61%
1339360726
61%
1384146951
61%
1468440901
61%
1885752724
61%
1907021798
61%
2249534301
61%
2788659361
61%
2931767523
61%
3105118548
61%
3305727036
61%
3460348610
61%
3809525720
61%
4406566430
61%
4526356082
61%
4543266482
61%
4654958537
61%
4881520920
61%
4882046652
61%
5759591953
61%
6094370277
61%
6274956735
61%
6395224737
61%
6892589235
61%
7245870066
61%
7363717872
61%
7577896091
61%
7669405132
61%
7785771342
61%
7892590360
61%
8193261179
61%
8301194912
61%
8467481846
61%
8602139494
61%
8912279381
61%
9171536436
61%
9415116094
61%
9628292540
61%
9833673362
61%
2129021960
57%
4201995611
57%
4771309960
57%
5338182796
57%
5981362977
57%
8230301952
57%
8640344181
57%
0597317328
52%
1159562863
52%
1300192787
52%
1609631859
52%
1712268066
52%
1857780532
52%
2164201989
52%
2619311881
52%
2875546873
52%
2978049951
52%
3344685035
52%
3469083026
52%
4252230825
52%
4999999837
52%
5024459455
52%
5187072113
52%
5875332083
52%
5982534904
52%
6611195909
52%
7101000313
52%
7669147303
52%
7838752886
52%
8142061717
52%
8823537875
52%
9375195778
52%
0353018529
48%
2497217752
48%
8347913151
48%
2599413891
43%
4541506959
43%
5082953311
43%
5574857242
43%
6861727855
43%
6899577362
43%
8890750983
43%
0167113900
35%
0604009277
35%
4939319255
35%
8175463746
35%
8583616035
35%
9848824012
35%
4676783744
30%
4710181942
30%
6370766010
30%
9555961989
30%
0404753464
26%
0426992279
26%
2533824300
26%
2590694912
26%
3558764024
26%
6208046684
26%
6602405803
26%
7496473263
26%
7521620569
26%
7747268471
26%
8150193511
26%
8989152104
26%
9141992726
26%
9331367702
26%
9448255379
26%
2164121992
17%
2861829745
17%
4586315030
17%
6360093417
17%
6782354781
17%
0236480665
13%
0494601653
13%
0739414333
13%
0841284886
13%
1613611573
13%
1732172147
13%
1973568548
13%
2512520511
13%
2725502542
13%
3211653449
13%
3479775356
13%
3883786360
13%
4385233239
13%
4547762416
13%
4668049886
13%
4672890977
13%
4991198818
13%
5181841757
13%
5255213347
13%
5425278625
13%
5570674983
13%
5688767179
13%
5741849468
13%
5869269956
13%
6085784383
13%
6145249192
13%
6369807426
13%
6948556209
13%
7235014144
13%
7392984896
13%
7509302955
13%
7727938000
13%
8145410095
13%
8164706001
13%
8279679766
13%
8505494588
13%
8625189835
13%
8720275596
13%
9092721079
13%
9219222184
13%
9506800642
13%
0674427862
9%
1965285022
9%
2039194945
9%
2106611863
9%
2694560424
9%
2723279178
9%
4677646575
9%
7396241389
9%
0471237137
4%
0865832645
4%
4371917287
4%
7802759009
4%
8696095636
4%
9958133904
4%
No matching quizzes found
Score Distribution
Percent of People with Each Score
Percentile by Number Answered
Your Score History
You have not taken this quiz